000
00315nam a22001337a 4500
008
250721b |||||||| |||| 00| 0 eng d
020
_a
0134864409
050
_a
HD30.25
_b
.E66
100
_a
EPPEN
245
_a
Introductory Management Science
260
_a
United States
_b
Gould
_c
2017
300
_a
Nil
942
_c
BK
999
_c
4355
_d
4355